000 00539nam a22001817a 4500
999 _c177701
_d177701
005 20210225165126.0
010 _aENG-129073
020 _c599.00
_a978-0-7088-9943-4
035 _aEN-112605
037 _bDBAD/PUB
082 _aN
100 _aWhitehead, Colson
245 _aThe Nickel Boys/
_bColson Whitehead
260 _aGurugram
_bHachette Book Publishing India Pvt. Ltd.
_c2019
270 _bGurugram
_a4th/5th Floors, Corporate Centre, Plot No- 94, Sec- 44
_e122003
300 _a211p.
_c23cm(pbk)
942 _2ddc
_cEN
_hN
_mWHI